Score 0/20 Timer 05:00
4 Plays Today
Antagonist Musical % Correct
ScarThe Lion King
94.9%
UrsulaThe Little Mermaid
91.4%
GastonBeauty and the Beast
91.1%
The StepmotherRogers and Hammerstein's Cinderella
80%
JavertLes Misérables
78.9%
Miss HanniganAnnie
73.4%
Frank N. FurterThe Rocky Horror Show
64.5%
George BanksMary Poppins
57.9%
Audrey IILittle Shop of Horrors
55.8%
Bill SikesOliver!
51.3%
Antagonist Musical % Correct
Velma von TussleHairspray
41.8%
Madame MorribleWicked
38.5%
Jud FryOklahoma!
36.1%
Judge TurpinSweeney Todd
34.9%
BennyRent
25.5%
Mrs. MeersThoroughly Modern Millie
14.9%
Bud FrumpHow to Succeed in Business Without Really Trying
12.7%
EvilleneThe Wiz
12.5%
NicolaKinky Boots
8.5%
ZoserAida
8.1%
Remove Ads.
Support Sporcle.
Get the best of Sporcle when you Go Orange. This ad-free experience offers more features, more stats, and more fun while also helping to support Sporcle. Thank you for becoming a member.

You're not logged in!

Compare scores with friends on all Sporcle quizzes.
OR
Log In

Show Comments

Extras

Top Quizzes Today


Score Distribution

Your Account Isn't Verified!

In order to create a playlist on Sporcle, you need to verify the email address you used during registration. Go to your Sporcle Settings to finish the process.

Report this User

Report this user for behavior that violates our Community Guidelines.

Details: